[Event "Najdorf 2017"]
[Site "Warsaw POL"]
[Date "2017.07.14"]
[Round "6.44"]
[White "Nowak, Kamil"]
[Black "Pranav, V"]
[Result "0-1"]
[WhiteElo "2362"]
[BlackElo "2158"]

1. Nf3 Nf6 2. c4 b6 3. Nc3 Bb7 4. g3 e6 5. Bg2 c5 6. O-O Be7 7. d4 cxd4 8.
Qxd4 d6 9. Bg5 a6 10. Bxf6 Bxf6 11. Qf4 Be7 12. Rfd1 Nd7 13. Ne4 Bxe4 14.
Qxe4 Rc8 15. Rac1 O-O 16. b3 Qc7 17. Qe3 Qc5 18. Qd2 a5 19. Nd4 Ne5 20. e3
Rfd8 21. f4 Ng4 22. Bb7 Rc7 23. Bf3 Nf6 24. a3 Qxa3 25. Nb5 Qc5 26. Nxc7
Qxc7 27. g4 Qc5 28. g5 Nd7 29. Kh1 g6 30. Rb1 Nf8 31. b4 axb4 32. Rxb4 d5
33. Rb5 Qxc4 34. Rxb6 Nd7 35. Rb7 Bf8 36. Qa5 Be7 37. Rdb1 Qd3 38. Qb5 Qxe3
39. Bg2 Nc5 40. Rxe7 Nd3 41. Rf1 Nf2+ 42. Rxf2 Qxf2 43. Qf1 Qb6 44. Qc1 d4
45. h3 d3 46. Qd2 Qd4 47. Rc7 e5 48. fxe5 Qxe5 49. Rc1 Qd4 50. Rd1 Re8 51.
Re1 Rxe1+ 52. Qxe1 d2 53. Qd1 Qe3 54. Bf3 Qxg5 55. Qe2 Qg3 56. Qd3 Qxh3+
57. Kg1 Qg3+ 58. Kf1 h5 59. Qd8+ Kh7 60. Qf6 Qe1+ 61. Kg2 Kg8 62. Qd8+ Kg7
63. Qd4+ f6 64. Qd7+ Kh6 65. Qd6 Qe3 66. Qf8+ Kg5 67. Qd6 h4 68. Qd5+ Kh6
69. Qd7 f5 70. Qd5 Qe1 71. Qd3 Qg3+ 72. Kh1 f4 73. Qd5 Qe1+ 74. Kh2 Qf2+
75. Kh1 Qe1+ 76. Kh2 h3 77. Qa8 Qg3+ 78. Kh1 Qe1+ 79. Kh2 Qg3+ 80. Kh1 Qe1+
81. Kh2 Qf2+ 82. Kh1 Qg2+ 83. Bxg2 d1=Q+ 84. Kh2 hxg2 85. Qh8+ Kg5 86. Qe5+
Kg4 87. Qe6+ Kh5 88. Qe5+ Kg4 89. Qe6+ Kh4 90. Qf6+ g5 91. Qh6+ Qh5 92. Qe6
g1=Q+ 93. Kxg1 Qg4+ 94. Qxg4+ Kxg4 0-1

[Event "Najdorf 2017"]
[Site "Warsaw POL"]
[Date "2017.07.14"]
[Round "6.45"]
[White "Fieberg, Samuel"]
[Black "Przedmojski, Rafal"]
[Result "0-1"]
[WhiteElo "2169"]
[BlackElo "2355"]

1. e4 c5 2. Nf3 Nc6 3. d4 cxd4 4. Nxd4 e5 5. Nb5 d6 6. N1c3 a6 7. Na3 Be7
8. Nc4 b5 9. Ne3 Nf6 10. g3 O-O 11. Bg2 Rb8 12. O-O b4 13. Ncd5 Nxd5 14.
Nxd5 Bg5 15. Bxg5 Qxg5 16. Qd3 a5 17. a3 bxa3 18. Qxa3 Rd8 19. h4 Qg4 20.
Rfd1 Qd7 21. c3 Qb7 22. Rd2 Be6 23. Ne3 g6 24. Kh2 Qc7 25. Nd5 Qb7 26. Bf1
f5 27. Bc4 Qf7 28. Qa2 Kf8 29. exf5 gxf5 30. Ne3 Ke7 31. Nd5+ Kf8 32. Qa4
Rdc8 33. Ne3 Ke7 34. Ba6 Rc7 35. Rad1 f4 36. Nc4 Qf5 37. Nxd6 fxg3+ 38. Kg1
gxf2+ 39. Rxf2 Rg8+ 40. Rg2 Rxg2+ 41. Kxg2 Qh3+ 42. Kf2 Qh2+ 43. Kf3 Nd4+
44. cxd4 Qf4+ 45. Kg2 Bd5+ 46. Kg1 Qg3+ 47. Kf1 Bg2+ 48. Ke2 Bf3+ 49. Kd3
Bc6+ 50. Kd2 Qf4+ 0-1

[Event "Najdorf 2017"]
[Site "Warsaw POL"]
[Date "2017.07.14"]
[Round "6.46"]
[White "Omar, Noaman"]
[Black "Aditya, Mittal"]
[Result "1/2-1/2"]
[WhiteElo "2354"]
[BlackElo "2203"]

1. d4 d5 2. Nf3 Nf6 3. c4 c6 4. g3 dxc4 5. Bg2 g6 6. O-O Bg7 7. Ne5 Be6 8.
Na3 O-O 9. Naxc4 Ng4 10. Bf4 Nxe5 11. Nxe5 Nd7 12. Nf3 Bd5 13. Qc2 Nf6 14.
Rfd1 Be4 15. Qb3 Nd5 16. Bg5 h6 17. Bd2 Qb6 18. Qxb6 axb6 19. Ne5 Bxg2 20.
Kxg2 c5 21. e4 cxd4 22. Nxg6 fxg6 23. exd5 Rfd8 24. Bb4 Rxd5 25. Bxe7 d3
26. Rd2 Rb5 27. a3 Rxb2 28. Rad1 Rxd2 29. Rxd2 Kf7 30. Bb4 Rd8 31. Kf3 Ke6
32. Ke4 h5 33. f3 Rd5 34. h3 b5 35. f4 Rd4+ 36. Ke3 Rd5 37. Rxd3 Rxd3+ 38.
Kxd3 Kd5 39. g4 hxg4 40. hxg4 Bb2 41. Ke3 Bd4+ 42. Kf3 Bf6 43. Bf8 Bb2 44.
f5 gxf5 45. gxf5 Bf6 46. Kf4 Kd4 47. Bb4 Kd5 48. Bf8 Kd4 49. Kg4 Ke5 50.
Bb4 Ke4 51. Bd2 Be7 52. Bb4 Bf6 53. Bf8 Ke5 54. Bc5 Kd5 55. Bb4 Ke4 56. Bd2
Be7 57. Bb4 1/2-1/2

[Event "Najdorf 2017"]
[Site "Warsaw POL"]
[Date "2017.07.14"]
[Round "6.47"]
[White "Kubicka, Anna"]
[Black "Spitzl, Vinzent"]
[Result "1-0"]
[WhiteElo "2152"]
[BlackElo "2348"]

1. e4 c6 2. d4 d5 3. e5 Bf5 4. h4 h6 5. c4 dxc4 6. Bxc4 e6 7. Ne2 Nd7 8.
Nbc3 Ne7 9. Ng3 Bh7 10. Nce4 Nd5 11. a3 f5 12. Bxd5 Qa5+ 13. Nc3 cxd5 14.
Ne2 O-O-O 15. Bd2 Qa6 16. b4 b6 17. Nf4 Bg8 18. Ng6 Rh7 19. Nxf8 Rxf8 20.
b5 Qb7 21. Na2 Kb8 22. Nb4 Rc8 23. O-O g5 24. Rc1 Ka8 25. Rxc8+ Qxc8 26.
Qc1 Qb7 27. Qc2 Bf7 28. Rc1 Rh8 29. Na6 Rd8 30. Bb4 Nf8 31. Bd6 Ng6 32. Qd1
Rc8 33. Nc7+ Kb8 34. Nxe6+ Ka8 35. Nc7+ Kb8 36. e6 Bg8 37. e7 1-0

[Event "Najdorf 2017"]
[Site "Warsaw POL"]
[Date "2017.07.14"]
[Round "6.48"]
[White "Kucza, Karol"]
[Black "Nguyen, Piotr"]
[Result "1/2-1/2"]
[WhiteElo "2297"]
[BlackElo "2444"]

1. e4 e6 2. d4 d5 3. Nc3 Bb4 4. e5 Ne7 5. a3 Bxc3+ 6. bxc3 c5 7. Qg4 O-O 8.
Bd3 Nbc6 9. Qh5 Ng6 10. Nf3 Qc7 11. Be3 c4 12. Bxg6 fxg6 13. Qg4 Qf7 14.
Ng5 Qe8 15. h4 Bd7 16. Kd2 b5 17. h5 h6 18. Nf3 Ne7 19. hxg6 Qxg6 20. Qxg6
Nxg6 21. Nh4 Be8 22. Nxg6 Bxg6 23. f3 Rfb8 24. Bf2 Rb6 25. Kc1 Rab8 26. Be1
Kf7 27. Bd2 Ke7 28. Rh4 1/2-1/2

[Event "Najdorf 2017"]
[Site "Warsaw POL"]
[Date "2017.07.14"]
[Round "6.49"]
[White "Selbes, Tarik"]
[Black "Percivaldi, Martin"]
[Result "1-0"]
[WhiteElo "2260"]
[BlackElo "2433"]

1. Nf3 d5 2. g3 Bg4 3. Bg2 c6 4. O-O Nd7 5. d3 e5 6. Nbd2 Ngf6 7. h3 Bh5 8.
e4 dxe4 9. dxe4 Bc5 10. Qe1 O-O 11. Nc4 Re8 12. Nh4 Qc7 13. a4 Nb6 14. Na5
Nfd7 15. b4 Be7 16. Nf5 f6 17. Nxe7+ Rxe7 18. Be3 Bf7 19. Qc3 Nf8 20. Rfd1
Ne6 21. Nb3 Rd8 22. a5 Nc8 23. Rxd8+ Qxd8 24. f4 Nd6 25. Rd1 Qc7 26. f5 Nb5
27. Qd2 Nf8 28. Qd8 Qxd8 29. Rxd8 Re8 30. Rxe8 Bxe8 31. c4 Nd6 32. Bxa7 Bf7
33. Nc5 Bxc4 34. Bb8 Nb5 35. Nxb7 Nd7 36. Bd6 Nc3 37. Bc5 Nb8 38. Nd6 Bd3
39. Bf1 Bxf1 40. Kxf1 Na6 41. Ke1 Na4 42. Kd2 N4xc5 43. bxc5 Kf8 44. Kc3
Ke7 45. Kc4 Kd7 46. g4 Ke7 47. h4 h6 48. Nb5 Kd7 49. Nc3 Kd8 50. Na2 Kc7
51. Nc1 Kd7 52. Nd3 Kc7 53. g5 hxg5 54. hxg5 fxg5 55. Nxe5 Nb8 56. Kd4 Na6
57. Ng4 Kd7 58. e5 Nb4 59. Nf2 Ke7 60. Ne4 g4 61. Ke3 Nd5+ 62. Kf2 Kd7 63.
Kg3 Ne3 64. Kf4 Nc4 65. a6 g3 66. Nxg3 1-0

[Event "Najdorf 2017"]
[Site "Warsaw POL"]
[Date "2017.07.14"]
[Round "6.50"]
[White "Krstulovic, Alex"]
[Black "Janik, Igor"]
[Result "0-1"]
[WhiteElo "2252"]
[BlackElo "2425"]

1. d4 Nf6 2. c4 b6 3. Nc3 Bb7 4. Qc2 d5 5. cxd5 Nxd5 6. e4 Nxc3 7. bxc3 g6
8. Nf3 Bg7 9. Be3 O-O 10. Rd1 Qc8 11. Bd3 c5 12. O-O Nd7 13. Qe2 Nf6 14.
Bg5 h6 15. Bh4 Nh5 16. Qe3 Qg4 17. Bg3 Nxg3 18. hxg3 Rfd8 19. Bb1 e6 20.
Rd2 Qh5 21. Rfd1 c4 22. e5 b5 23. Be4 Bd5 24. a4 Rdb8 25. Bxd5 exd5 26.
axb5 Rxb5 27. e6 Qf5 28. exf7+ Qxf7 29. Re1 a5 30. Ne5 Qf6 31. Ra2 Kh7 32.
Rea1 Qf5 33. f4 Rb1+ 34. Kf2 Rxa1 35. Rxa1 Qc2+ 36. Kg1 a4 37. Rc1 Qb2 38.
f5 gxf5 39. Qf4 Rf8 40. Nd7 Rf7 41. Kh2 a3 42. Ne5 Bxe5 43. dxe5 Qe2 44.
Ra1 a2 45. e6 Qxe6 46. Rxa2 Re7 47. Ra8 Qf7 48. Qf3 Re4 49. Ra5 Kg6 50.
Ra6+ Kg5 51. Ra5 Qe6 52. Qf2 Qe5 53. Qd2+ Re3 54. Rxd5 Qxg3+ 55. Kg1 Qe1+
56. Qxe1 Rxe1+ 0-1

[Event "Najdorf 2017"]
[Site "Warsaw POL"]
[Date "2017.07.14"]
[Round "6.51"]
[White "Dmochowska, Agnieszka"]
[Black "Gumularz, Szymon"]
[Result "1-0"]
[WhiteElo "2202"]
[BlackElo "2391"]

1. e4 g6 2. d4 Bg7 3. c4 d6 4. Nc3 Nf6 5. Nf3 O-O 6. Be2 c5 7. d5 e6 8. O-O
exd5 9. cxd5 a6 10. a4 Bg4 11. Nd2 Bxe2 12. Qxe2 Nbd7 13. Nc4 Nb6 14. Ne3
Qe7 15. a5 Nbd7 16. Nc4 Ne8 17. Re1 f5 18. exf5 Qxe2 19. Rxe2 Rxf5 20. Re7
Rd8 21. g4 Rf7 22. Bg5 Ndf6 23. Rae1 Bf8 24. R7e6 h6 25. Bxf6 Nxf6 26. h3
Kg7 27. Kg2 Rfd7 28. Nb6 Rc7 29. Ne4 Ng8 30. Nc4 Rcd7 31. Re3 Be7 32. Kg3
Nf6 33. Nxc5 Nxd5 34. Nxd7 Rxd7 35. Nb6 Nxe3 36. Nxd7 Nd5 37. Re4 Kf7 38.
f4 Bd8 39. b4 g5 40. f5 Nf4 41. h4 Be7 42. hxg5 hxg5 43. Rxf4 gxf4+ 44.
Kxf4 Bh4 45. g5 Be1 46. g6+ Kg7 47. Kg5 Bd2+ 48. Kh5 Bc3 49. f6+ Bxf6 50.
Nxf6 Kxf6 51. Kh6 1-0

[Event "Najdorf 2017"]
[Site "Warsaw POL"]
[Date "2017.07.14"]
[Round "6.52"]
[White "Konguvel, Ponnuswamy"]
[Black "Niekras, Dawid"]
[Result "1/2-1/2"]
[WhiteElo "2388"]
[BlackElo "2291"]

1. e4 c5 2. Nf3 d6 3. d4 cxd4 4. Nxd4 Nf6 5. Nc3 a6 6. Bg5 e6 7. f4 h6 8.
Bh4 Qb6 9. a3 Be7 10. Bf2 Qc7 11. Qf3 Nbd7 12. O-O-O b5 13. g4 Bb7 14. h4
Nc5 15. Bd3 h5 16. g5 Ng4 17. f5 Nxd3+ 18. cxd3 e5 19. Nc2 Rc8 20. Kb1 d5
21. Rc1 d4 22. Nd5 Bxd5 23. exd5 Qd7 24. f6 gxf6 25. Nb4 Rxc1+ 26. Rxc1
Bxb4 27. axb4 O-O 28. gxf6 Rd8 29. Bg3 Qd6 30. Qf5 Qxf6 31. Qxh5 Qg6 32.
Qxg6+ fxg6 33. Rg1 Kf7 34. Rf1+ Kg7 35. Re1 Kf6 36. Rf1+ Kg7 37. Re1 Kf6
38. Rf1+ Kg7 1/2-1/2

[Event "Najdorf 2017"]
[Site "Warsaw POL"]
[Date "2017.07.14"]
[Round "6.53"]
[White "Mis, Mieszko"]
[Black "Zujev, Oleg"]
[Result "1/2-1/2"]
[WhiteElo "2137"]
[BlackElo "2366"]

1. d4 Nf6 2. Bg5 Ne4 3. Bf4 c5 4. f3 Qa5+ 5. c3 Nf6 6. d5 Qb6 7. e4 Qxb2 8.
Nd2 Qxc3 9. Bc7 Na6 10. Bxa6 bxa6 11. Ne2 Qd3 12. Rb1 a5 13. Rb3 Qa6 14.
O-O d6 15. Ra3 g6 16. Nc3 Bd7 17. e5 dxe5 18. Bxe5 Bg7 19. d6 O-O 20. dxe7
Rfe8 21. Nb3 c4 22. Nc5 Qb6 23. Bd4 Qd6 24. Nxd7 Qxd7 25. Rxa5 Qxe7 26. Qa4
Qd6 27. Nb5 Qf4 28. Bf2 Re2 29. Rxa7 Rxa7 30. Qxa7 h5 31. a4 Qd2 32. Qc5
Nd7 33. Qxc4 Ne5 34. Qc8+ Kh7 35. Qc3 Qa2 36. Nd4 Rb2 37. a5 Nc4 38. a6
Qxa6 39. Rc1 Qa2 40. Qxc4 Rxf2 41. Qxa2 Rxa2 42. Nb5 Rb2 43. Nd6 Bd4+ 44.
Kh1 Kg7 45. Rd1 f5 46. g3 Bc5 1/2-1/2

[Event "Najdorf 2017"]
[Site "Warsaw POL"]
[Date "2017.07.14"]
[Round "6.54"]
[White "Martin, Julian"]
[Black "Nowicki, Bartosz"]
[Result "1-0"]
[WhiteElo "2332"]
[BlackElo "2262"]

1. e4 c5 2. Nf3 d6 3. d4 cxd4 4. Nxd4 Nf6 5. Nc3 a6 6. h3 e6 7. g4 Be7 8.
g5 Nfd7 9. h4 Nc6 10. Be3 Qc7 11. a3 b5 12. Nxc6 Qxc6 13. Qd4 O-O 14. h5 f5
15. h6 Ne5 16. O-O-O f4 17. hxg7 Kxg7 18. Bd2 Qc5 19. Ne2 Qxd4 20. Nxd4
Bxg5 21. Rg1 h6 22. Bb4 Rd8 23. Ba5 Re8 24. Bc7 Nf7 25. Nf3 Kf6 26. Bxd6 e5
27. Bc5 Bb7 28. Bd3 Rac8 29. b4 Nd8 30. Rh1 Nf7 31. Nd2 Ke6 32. f3 Bd8 33.
Rdg1 Kf6 34. Rh5 Ke6 35. Rg6+ Kd7 36. Rg7 Ke6 37. Rf5 1-0

[Event "Najdorf 2017"]
[Site "Warsaw POL"]
[Date "2017.07.14"]
[Round "6.55"]
[White "Nowak, Lukasz"]
[Black "Chylewski, Patryk"]
[Result "1-0"]
[WhiteElo "2327"]
[BlackElo "2275"]
[PlyCount "91"]
[EventDate "2017.??.??"]

1. e4 c5 2. Nf3 d6 3. d4 cxd4 4. Nxd4 Nf6 5. Nc3 a6 6. h4 e5 7. Nb3 Be7 8. Bg5
Nbd7 9. a4 h6 10. Be3 b6 11. g4 Bb7 12. Bg2 Nh7 13. g5 hxg5 14. hxg5 Bxg5 15.
Qxd6 Bxe3 16. fxe3 Qf6 17. Qd3 O-O-O 18. O-O-O Kb8 19. Nd5 Qc6 20. a5 Nc5 21.
Nxc5 bxc5 22. Qc3 Ka7 23. Qxe5 f6 24. Qf5 Ng5 25. Rxh8 Rxh8 26. e5 Qe6 27. Qxe6
Nxe6 28. exf6 gxf6 29. c4 f5 30. Rf1 Rh5 31. Bf3 Rg5 32. Bd1 Ng7 33. Bc2 Kb8
34. b3 Bc8 35. Kb2 Kb7 36. Rh1 Be6 37. Rh6 Rg3 38. Nf4 Bd7 39. Rh7 Kc7 40. Nd5+
Kd6 41. Rh8 Bc6 42. Rh6+ Kd7 43. Rf6 Rg5 44. Kc3 Bb7 45. Rf7+ Kc8 46. Bxf5+ 1-0

[Event "Najdorf 2017"]
[Site "Warsaw POL"]
[Date "2017.07.14"]
[Round "6.56"]
[White "Paszewski, Mateusz"]
[Black "Bus, Konrad"]
[Result "1/2-1/2"]
[WhiteElo "2323"]
[BlackElo "2219"]

1. e4 e5 2. Nf3 Nf6 3. Nxe5 d6 4. Nf3 Nxe4 5. d4 d5 6. Bd3 Nd6 7. O-O Be7
8. Re1 O-O 9. Bf4 Nd7 10. c3 Re8 11. Qc2 Nf8 12. Nbd2 g6 13. Qb3 c6 14. Re2
Be6 15. Rae1 b5 16. Ne5 Rc8 17. h3 Nc4 18. Ndf3 Nd7 19. Qc2 Ncxe5 20. Nxe5
Nxe5 21. Bxe5 Bd6 22. Qd2 Bxe5 23. Rxe5 Qf6 24. g4 Bd7 25. Kg2 Qd6 26. Qf4
Rxe5 27. Qxe5 Qxe5 28. Rxe5 Re8 29. Rxe8+ Bxe8 30. g5 h6 31. h4 hxg5 32.
hxg5 f5 33. Kg3 Kf7 34. Kf4 Ke6 35. Bc2 Bf7 36. Bd1 Kd6 37. Bc2 Be6 38. Bb1
Bd7 39. Ke3 Be6 40. Kf4 Bd7 41. Bd3 Be6 42. b3 a5 43. b4 a4 1/2-1/2

[Event "Najdorf 2017"]
[Site "Warsaw POL"]
[Date "2017.07.14"]
[Round "6.57"]
[White "Bednarek, Sylwester"]
[Black "Zaleski, Lukasz"]
[Result "1/2-1/2"]
[WhiteElo "2309"]
[BlackElo "2220"]

1. e4 e5 2. Nc3 Nf6 3. g3 c5 4. Bg2 Nc6 5. d3 d6 6. f4 g6 7. Nf3 Bg7 8. O-O
O-O 9. f5 Nd4 10. Nh4 b5 11. g4 b4 12. g5 bxc3 13. bxc3 Nc6 14. gxf6 Bxf6
15. Nf3 Bd7 16. Bh6 Re8 17. Qd2 Rb8 18. Ng5 Bxg5 19. Bxg5 f6 20. Bh6 gxf5
21. exf5 Ne7 22. Bd5+ Kh8 23. Qg2 Rg8 24. Bxg8 Qxg8 25. Rab1 Qxg2+ 26. Kxg2
Rg8+ 27. Kf2 Nxf5 28. Bd2 Bc6 29. Rg1 Rf8 30. c4 h6 31. Ba5 Kh7 32. Bc7 Rf7
33. Bb8 Rd7 34. Rb3 Nd4 35. Ra3 Nxc2 36. Rxa7 Rxa7 37. Bxa7 Nb4 38. Ke3
Nxa2 39. Bb8 d5 40. Bd6 dxc4 41. dxc4 Nc3 42. Bxc5 Ne4 43. Bf8 Ng5 44. h4
Ne6 45. Bd6 Nd4 46. Bf8 Ne6 47. Be7 f5 48. Bf6 f4+ 49. Kf2 e4 50. Be5 Be8
51. c5 e3+ 52. Kf3 Bc6+ 53. Ke2 Bb5+ 54. Kf3 Bc6+ 55. Ke2 Bb5+ 1/2-1/2

[Event "Najdorf 2017"]
[Site "Warsaw POL"]
[Date "2017.07.14"]
[Round "6.58"]
[White "Sliwicka, Alicja"]
[Black "Hacker, Jonas"]
[Result "1/2-1/2"]
[WhiteElo "2164"]
[BlackElo "2297"]

1. e4 e5 2. Nf3 Nc6 3. Bb5 a6 4. Ba4 Nf6 5. O-O Be7 6. Re1 b5 7. Bb3 O-O 8.
d4 d6 9. c3 Bg4 10. Be3 exd4 11. cxd4 Na5 12. Bc2 c5 13. h3 Bh5 14. g4 Bg6
15. Nbd2 Nd7 16. Rc1 Bf6 17. b3 Nc6 18. Nf1 Re8 19. Ng3 h6 20. Bb1 Nxd4 21.
Nxd4 cxd4 22. Bxd4 Be5 23. Bxe5 dxe5 24. Nf5 Nf8 25. Qf3 Ne6 26. Red1 Qg5
27. h4 Qf4 28. Qxf4 Nxf4 29. Rc6 Red8 30. Ne7+ Kf8 31. Nxg6+ Nxg6 32. Rxd8+
Rxd8 33. Kg2 Nxh4+ 34. Kg3 g5 35. Bc2 a5 36. Rxh6 Rd2 37. Rc6 b4 38. Rc7
Kg7 39. Rc6 f6 40. Rc7+ Kg6 41. Rc6 Re2 42. Bd3 Rxa2 43. Bc4 Ra1 44. Be6
Rg1+ 45. Kh3 Rh1+ 46. Kg3 Rg1+ 47. Kh3 Re1 48. Rc4 Rd1 49. Rc7 Rd3+ 50. Kh2
Nf3+ 51. Kg2 Nd4 52. Bf5+ Nxf5 53. exf5+ Kh6 54. Rc5 Rxb3 55. Rxa5 Rd3 56.
Ra7 Rd4 57. Kf3 b3 58. Rb7 Rd3+ 59. Kg2 e4 60. Rb4 Rf3 61. Rb7 Rd3 62. Rb4
Rf3 63. Rb7 Rc3 64. Kg1 e3 65. fxe3 Rc4 66. Rxb3 Rxg4+ 67. Kf2 Kg7 68. Rb7+
Kf8 69. Kf3 Rc4 70. e4 Rc3+ 71. Kg4 Rc4 72. Kh5 Rxe4 1/2-1/2

[Event "Najdorf 2017"]
[Site "Warsaw POL"]
[Date "2017.07.14"]
[Round "6.59"]
[White "Deszczynski, Adam"]
[Black "Zlatin, Alexander"]
[Result "1-0"]
[WhiteElo "2380"]
[BlackElo "2259"]

1. e4 e5 2. Nf3 Nc6 3. Bc4 Bc5 4. d3 Nf6 5. O-O h6 6. a4 d6 7. Nbd2 a6 8.
c3 Ba7 9. Re1 Nh5 10. Nf1 Qf6 11. Ne3 Bxe3 12. fxe3 Be6 13. Bd5 Nd8 14. Rf1
c6 15. Nd4 Qg6 16. Bxe6 fxe6 17. Nb3 Nf7 18. Na5 O-O 19. Qe2 Ng5 20. Bd2 d5
21. exd5 exd5 22. Kh1 e4 23. d4 Nh7 24. b4 N7f6 25. Be1 Ng4 26. Bh4 Rab8
27. h3 Ngf6 28. g4 Qg5 29. Qe1 Qg6 30. Qd1 Nh7 31. Rxf8+ Rxf8 32. gxh5 Qf5
33. Qg4 Qf7 34. Rg1 Kh8 35. Nb3 Ng5 36. Bxg5 hxg5 37. Nd2 Qe7 38. Qxg5 Qd7
39. Qg4 1-0

[Event "Najdorf 2017"]
[Site "Warsaw POL"]
[Date "2017.07.14"]
[Round "6.60"]
[White "Lewtak, Damian"]
[Black "Kowalczyk, Rafal"]
[Result "1/2-1/2"]
[WhiteElo "2341"]
[BlackElo "2240"]

1. Nf3 Nf6 2. g3 e6 3. Bg2 Be7 4. O-O O-O 5. d3 d5 6. Nbd2 b5 7. e4 dxe4 8.
dxe4 Bb7 9. Qe2 c5 10. e5 Nd5 11. Rd1 Qb6 12. Ne4 Nd7 13. h4 Qc7 14. Neg5
Rfd8 15. Re1 Nf8 16. Nh2 h6 17. Nh3 c4 18. c3 Bc5 19. Ng4 Ne7 20. Bxb7 Qxb7
21. h5 Nf5 22. Kh2 Rd7 23. Bf4 Rad8 24. a4 a6 25. axb5 axb5 26. Ra5 Rd3 27.
Qe4 Qxe4 28. Rxe4 Rb8 29. Re1 1/2-1/2

[Event "Najdorf 2017"]
[Site "Warsaw POL"]
[Date "2017.07.14"]
[Round "6.61"]
[White "Adamski, Jan"]
[Black "Schroeder, Kevin"]
[Result "1-0"]
[WhiteElo "2250"]
[BlackElo "2321"]

1. Nf3 Nf6 2. c4 e6 3. g3 a6 4. Bg2 b5 5. b3 Bb7 6. Nc3 b4 7. Na4 d6 8. O-O
Nbd7 9. d4 Be7 10. Bb2 O-O 11. Qd2 a5 12. Rad1 Ra6 13. Ne1 Qa8 14. Bxb7
Qxb7 15. d5 e5 16. f3 Nb6 17. Nxb6 Qxb6+ 18. Kg2 Nd7 19. Nd3 c5 20. e4 a4
21. f4 Qc7 22. Rde1 Re8 23. fxe5 dxe5 24. Rf5 f6 25. Rf2 Nf8 26. Qe2 Qd7
27. Qe3 Ra5 28. Qf3 Bd6 29. Qf5 Qe7 30. h4 Qf7 31. h5 h6 32. Ref1 Qd7 33.
Qxd7 Nxd7 34. Re1 Nf8 35. Bc1 Nh7 36. Be3 Ng5 37. Bxg5 hxg5 38. g4 Kf7 39.
Kf3 Ke7 40. Rh1 Rh8 41. Rfh2 axb3 42. axb3 Ra3 43. Rb2 g6 44. Nf2 gxh5 45.
gxh5 Kf7 46. Kg4 Rha8 47. Kf5 Ra1 48. Rhb1 R8a2 49. Rxa2 Rxa2 50. Ng4 Bf8
51. h6 Rg2 52. Ra1 Rg3 53. Ra7+ Be7 54. Nxe5+ fxe5 55. d6 Rf3+ 56. Kxe5
Rxb3 57. Rxe7+ Kf8 58. h7 Rh3 59. Rb7 b3 60. Rxb3 Rxh7 61. Rb8+ 1-0

[Event "Najdorf 2017"]
[Site "Warsaw POL"]
[Date "2017.07.14"]
[Round "6.62"]
[White "Mulet, Piotr"]
[Black "Khalafova, Narmin"]
[Result "1-0"]
[WhiteElo "2307"]
[BlackElo "2224"]

1. e4 c5 2. c3 d6 3. d4 Nf6 4. Bd3 g6 5. Nf3 Bg7 6. e5 dxe5 7. dxe5 Ng4 8.
Bb5+ Bd7 9. e6 fxe6 10. Ng5 Bxb5 11. Qxg4 Bd7 12. Nxh7 Kf7 13. Ng5+ Kg8 14.
Qe4 Nc6 15. Nxe6 Bxe6 16. Qxe6+ Kh7 17. O-O Qd6 18. Qe4 Raf8 19. Be3 Ne5
20. Nd2 Kg8 21. h3 b6 22. Rad1 Qc6 23. Qxc6 Nxc6 24. Nf3 Kf7 25. Ng5+ Kf6
26. Rd7 Rc8 27. Rfd1 Rhd8 28. f4 Bh6 29. R1d6+ Kg7 30. Rxc6 1-0

[Event "Najdorf 2017"]
[Site "Warsaw POL"]
[Date "2017.07.14"]
[Round "6.63"]
[White "Kujawski, Adam"]
[Black "Baltic, Fatih"]
[Result "0-1"]
[WhiteElo "2300"]
[BlackElo "2210"]

1. e4 e5 2. Nf3 Nc6 3. Bb5 a6 4. Ba4 Nf6 5. O-O Bc5 6. Nxe5 Nxe5 7. d4 Qe7
8. dxc5 Qxc5 9. Nc3 O-O 10. Bb3 Qe7 11. Bg5 c6 12. f4 Qc5+ 13. Kh1 Neg4 14.
e5 Ne3 15. Qd3 d5 16. Na4 Qa7 17. f5 Nfg4 18. Rf3 Nxf5 19. Rxf5 Bxf5 20.
Qxf5 Nf2+ 21. Kg1 Nh3+ 22. Kh1 Nf2+ 23. Kg1 Ne4+ 24. Kh1 g6 25. Qf1 Nxg5
26. Nc3 Rae8 27. Qf6 Qe3 28. h4 Ne4 29. Nxe4 Qxe4 30. Rf1 Qxe5 31. Qf2 Qe3
0-1

[Event "Najdorf 2017"]
[Site "Warsaw POL"]
[Date "2017.07.14"]
[Round "6.64"]
[White "Baasansuren, Erdene"]
[Black "Heinemann, Josefine"]
[Result "0-1"]
[WhiteElo "2128"]
[BlackElo "2294"]

1. d4 Nf6 2. c4 g6 3. Nc3 d5 4. cxd5 Nxd5 5. e4 Nxc3 6. bxc3 Bg7 7. Bc4 c5
8. Ne2 Nc6 9. Be3 O-O 10. O-O b6 11. Rc1 Bb7 12. Qd2 e6 13. Rfd1 Qd7 14.
dxc5 Qxd2 15. Rxd2 Ne5 16. Bb3 bxc5 17. Bxc5 Rfc8 18. Bd4 Bxe4 19. f3 Bb7
20. c4 a5 21. f4 Ng4 22. Bxg7 Kxg7 23. Nc3 Bc6 24. h3 Nf6 25. c5 a4 26. Bd1
Ra5 27. Nb1 Bd5 28. Rdc2 Rc6 29. Nd2 Nd7 30. a3 Raxc5 31. Rxc5 Rxc5 32. Rb1
Bc6 33. Nf3 Bxf3 34. gxf3 Rc4 35. Rb4 Rxb4 36. axb4 Nb6 37. Kf2 Kf6 38. b5
Ke7 39. Ke3 Nd5+ 40. Kd4 a3 41. Bb3 Kd6 42. Kc4 Nxf4 43. Kb4 Nxh3 44. Ka5
Kc7 45. Ka6 Kb8 0-1

[Event "Najdorf 2017"]
[Site "Warsaw POL"]
[Date "2017.07.14"]
[Round "6.65"]
[White "Prithu, Gupta"]
[Black "Antolak, Julia"]
[Result "1/2-1/2"]
[WhiteElo "2293"]
[BlackElo "2144"]

1. e4 c5 2. Nf3 Nc6 3. d4 cxd4 4. Nxd4 Qb6 5. Nb3 Nf6 6. Nc3 e6 7. Be3 Qc7
8. a3 a6 9. f4 d6 10. Be2 b5 11. O-O Bb7 12. Bf3 Be7 13. Qe1 O-O 14. Kh1
Rfe8 15. Qf2 Rac8 16. Rad1 b4 17. axb4 Nxb4 18. Bb6 Qb8 19. Bd4 d5 20. e5
Nd7 21. Bg4 f5 22. exf6 Bxf6 23. Rfe1 Qd6 24. Ne4 dxe4 25. Bxf6 Qc7 26. Bc3
Nd5 27. Rxd5 Bxd5 28. Qg3 Nf8 29. Be5 Qe7 30. Nd4 Nd7 31. b3 Nxe5 32. fxe5
Qc5 33. Qe3 Qc3 34. h4 Qxe3 35. Rxe3 Rc5 36. c4 Bb7 37. Bxe6+ Kh8 38. Bd7
Rexe5 39. Ne6 Ra5 40. Nd8 Re7 41. Nxb7 Ra1+ 42. Kh2 Rxd7 43. Rxe4 Kg8 44.
Nc5 Rc7 45. b4 a5 46. Na6 Rb7 47. b5 a4 48. Nc5 Rc7 49. Na6 Rb7 50. Nc5 Rc7
51. Nd3 a3 52. b6 Rb7 53. c5 a2 54. Ra4 Kf8 55. Ra8+ Ke7 56. Nb4 Rc1 57.
Rxa2 Ke6 58. Ra5 Rc4 59. Ra7 Rxb6 60. cxb6 Rxh4+ 61. Kg3 Rxb4 62. Rxg7 Rxb6
63. Rxh7 Kf5 64. Kh4 Kg6 65. Rc7 Rb4+ 66. g4 Rb6 67. Rc8 Ra6 68. Rg8+ Kh7
69. Rg5 Kh6 70. Rh5+ Kg6 1/2-1/2

[Event "Najdorf 2017"]
[Site "Warsaw POL"]
[Date "2017.07.14"]
[Round "6.66"]
[White "Priyanka, Nutakki"]
[Black "Othman, A. Moussa"]
[Result "1-0"]
[WhiteElo "2104"]
[BlackElo "2277"]

1. e4 d6 2. d4 Nf6 3. Nc3 g6 4. h3 Bg7 5. Be3 c6 6. g4 d5 7. e5 Nfd7 8. Bg2
f6 9. f4 fxe5 10. fxe5 Nb6 11. b3 Na6 12. Qd2 Nc7 13. Nf3 Ne6 14. Ne2 Bd7
15. a4 a5 16. h4 Qc7 17. h5 gxh5 18. gxh5 Rg8 19. Bh3 O-O-O 20. Bxe6 Bxe6
21. Ng5 Bg4 22. Rg1 Qd7 23. Qxa5 Bxe2 24. Kxe2 Qf5 25. Qxb6 Bh6 26. Kd2
Bxg5 27. Bxg5 Qf2+ 28. Kc3 c5 29. Qxc5+ Kb8 30. Bxe7 Qe3+ 31. Kb2 1-0

[Event "Najdorf 2017"]
[Site "Warsaw POL"]
[Date "2017.07.14"]
[Round "6.67"]
[White "Karpus, Michal"]
[Black "Ghadiri, Radmehr"]
[Result "1-0"]
[WhiteElo "2291"]
[BlackElo "2125"]

1. e4 c5 2. Nf3 d6 3. d4 cxd4 4. Nxd4 Nf6 5. Nc3 a6 6. Bg5 Nbd7 7. Bc4 Qa5
8. Qd2 e6 9. O-O-O b5 10. Bb3 Be7 11. Nc6 Qc7 12. Nxe7 Kxe7 13. Rhe1 h6 14.
Bh4 g5 15. Bg3 e5 16. h4 Rg8 17. hxg5 hxg5 18. f4 exf4 19. Nd5+ Nxd5 20.
Qxd5 Rg7 21. e5 Nxe5 22. Qxa8 fxg3 23. Qf3 Be6 24. Qxg3 Bxb3 25. Qxb3 Qc6
26. Qa3 f6 27. Rd2 Rg8 28. Qh3 Rf8 29. Qf5 Qc4 30. Kb1 Qe6 31. Qe4 Rh8 32.
Qb7+ Kf8 33. b3 Nd3 34. Red1 Nc5 35. Qb8+ Kg7 36. Qc7+ Qf7 37. Qc6 Qb7 38.
Rxd6 Qxc6 39. Rxc6 Ne4 40. Rd4 Nf2 41. Rd2 Ne4 42. Re2 f5 43. Kb2 b4 44. a3
a5 45. axb4 axb4 46. Re1 Rh6 47. Rc4 Rb6 48. Rexe4 fxe4 49. Rxe4 Kf6 50. g4
Rb7 51. Kc1 Rb5 52. Kd2 Rd5+ 53. Ke3 Rc5 54. Kd3 Rd5+ 55. Kc4 Rd2 56. Kxb4
Rxc2 57. Kb5 Rf2 58. Kc5 Rc2+ 59. Kd4 Rb2 60. Kc3 Rf2 61. b4 Rf1 62. b5
Rc1+ 63. Kd4 Rb1 64. Kc5 Rc1+ 65. Rc4 Re1 66. b6 Re5+ 67. Kc6 Re6+ 68. Kb5
Ke7 69. b7 Re1 1-0

[Event "Najdorf 2017"]
[Site "Warsaw POL"]
[Date "2017.07.14"]
[Round "6.68"]
[White "Sahil, Tickoo"]
[Black "Siekanski, Janusz"]
[Result "0-1"]
[WhiteElo "2234"]
[BlackElo "2287"]

1. d4 d5 2. Bf4 Nf6 3. e3 g6 4. Nf3 Bg7 5. c4 c5 6. Nc3 cxd4 7. Nxd4 O-O 8.
Qb3 Nc6 9. Nxc6 bxc6 10. Be2 Qa5 11. O-O e5 12. Bg3 d4 13. exd4 exd4 14.
Na4 Ne4 15. Qa3 Bf5 16. Bf4 g5 17. Bc1 Rfe8 18. Bd3 h6 19. f3 Nd6 20. Bxf5
Nxf5 21. Qc5 Re5 22. Qxa5 Rxa5 23. b3 Ne3 24. Rf2 Nxc4 25. Nb2 Ne3 26. Bxe3
dxe3 27. Rc2 Rd8 28. Rd1 Bd4 29. Kf1 Rxa2 30. Re2 c5 31. Nc4 Rxe2 32. Kxe2
Rb8 33. Rd3 f5 34. Nxe3 Re8 35. Kd2 Bxe3+ 36. Rxe3 Rxe3 37. Kxe3 Kf7 38.
Kd3 Ke6 39. Kc4 Kd6 40. Kb5 Kd5 41. Ka6 c4 0-1